000 00264nam a2200121 a 4500
008 100917s1964|||| d
100 1 _aDygat, Stanislaw
245 1 0 _aCesta
260 _aBratislava
_c1964
_bSVKL
044 _axo
_cSK
041 _aslo
020 _c13
999 _c10427
_d10427